Представление документа в формате RUSMARC

ПолеНазваниеЗначение
  Тип записи a
  Библиографический уровень m
001 Контрольный номер UONB/MAIN/ebfc8e0a66264121ae3c8fcc32f921cc
005 Дата корректировки 20260402135703.1
100 Данные общей обработки __
a Данные общей обработки 20260402g1955 u u0rusy0189 ca
101 Язык документа 0_
a Язык текста rus
102 Страна публикации __
a Страна публикации RU
105 Кодированные данные (монография) __
a Кодированные данные (монография) a z 000ay
200 Заглавие и сведения об ответственности 1_
a Заглавие Сочинения
e Сведения, относящиеся к заглавию в 3 томах
f Первые сведения об ответственности А. С. Пушкин
g Последующие сведения об ответственности вступительная статья, подготовка текста и примечания Д. Д. Благого
203 Вид содержания и тип средства __
a Вид содержания Текст
b Характеристика содержания визуальный
c Тип средства непосредственный
210 Выходные данные 1_
a Место издания Москва
c Издательство Гослитиздат
d Дата издания 1955-
215 Физическое описание __
d Формат 21 см
700 Автор _1
a Фамилия Пушкин
b Имя (инициалы) А. С.
g Полное личное имя Александр Сергеевич
c Титул (звания) поэт
f Даты 1799-1837
702 Вторичная интеллектуальная ответственность _1
a Фамилия Благой
b Имя (инициалы) Д. Д.
g Полное личное имя Дмитрий Дмитриевич
c Титул (звания) литературовед
f Даты 1893-1984
4 Код отношения 080
801 Источник записи _0
a Страна RU
b Организация Ульяновская ОНБ
c Дата составления 20260402
g Правила каталогизации RCR
801 Источник записи _1
a Страна RU
b Организация Ульяновская ОНБ
c Дата составления 20260402
g Правила каталогизации RCR
901 Тип документа __
t Тип документа v
909 Создатель записи __
a Создатель записи Горбункова
b Дата создания записи 20260402